00541nam a22001817a 4500003000900000008004100009020002200050040007100072082002300143100002000166245001600186260005300202300001100255440003800266505002900304650001200333650001400345AR-CdUCM190409b ||||| |||| 00| 0 spa d a978-968-16-6443-5 aMUNICIPALIDAD PROVINCIAL DEL CUSCOcBIBLIOTECA MUNICIPAL DEL CUSCO aEP / 808.06 /bB26 aBrowne, Anthony aMi papá / aMéxico :bFondo de cultura económica,c2016. c27 cm. a25 años a la orilla del viento. aContenido :Mi papá ... aCuentos aHistorias